MR Achar & T Venkanna's Dowry and the law : (Record no. 125833)

MARC details
000 -LEADER
fixed length control field 00856nam a22002657a 4500
003 - CONTROL NUMBER IDENTIFIER
control field 0
005 - DATE AND TIME OF LATEST TRANSACTION
control field 20180724143730.0
008 - FIXED-LENGTH DATA ELEMENTS--GENERAL INFORMATION
fixed length control field 0
010 ## - LIBRARY OF CONGRESS CONTROL NUMBER
LC control number B-110393
020 ## - INTERNATIONAL STANDARD BOOK NUMBER
Terms of availability 00.00
International Standard Book Number 8180380076
035 ## - SYSTEM CONTROL NUMBER
System control number B-110393, B-110394
037 ## - SOURCE OF ACQUISITION
Source of stock number/acquisition Cen Lib/Ret
040 ## - CATALOGING SOURCE
Original cataloging agency DPL
Language of cataloging EN
Transcribing agency 0
082 ## - DEWEY DECIMAL CLASSIFICATION NUMBER
Classification number 346.016
Item number JOG
245 ## - TITLE STATEMENT
Title MR Achar & T Venkanna's Dowry and the law :
Statement of responsibility, etc edited by S V Joga Rao
Remainder of title substantive, procedure and evidentiary principles /
250 ## - EDITION STATEMENT
Edition statement 4th ed
260 ## - PUBLICATION, DISTRIBUTION, ETC. (IMPRINT)
Name of publisher, distributor, etc New Delhi
Place of publication, distribution, etc Lexis Nexis
Date of publication, distribution, etc 2002
270 ## - ADDRESS
City New Delhi
Address 14th Floor, Vijaya Building, 17 Barakhamba Road, Connaught Place
Postal code 110001
300 ## - PHYSICAL DESCRIPTION
Extent xIix,440p.
Dimensions 22cm(Hb)
500 ## - GENERAL NOTE
General note Includes bibliographic references and index
650 ## - SUBJECT ADDED ENTRY--TOPICAL TERM
Topical term or geographic name as entry element Marriage law
9 (RLIN) 15655
650 ## - SUBJECT ADDED ENTRY--TOPICAL TERM
Topical term or geographic name as entry element Dowry
9 (RLIN) 15656
700 ## - ADDED ENTRY--PERSONAL NAME
Personal name Rao, S V Joga
9 (RLIN) 15657
942 ## - ADDED ENTRY ELEMENTS (KOHA)
Source of classification or shelving scheme Dewey Decimal Classification
Koha item type English Books
Classification part 346.016
Call number suffix JOG
Holdings
Withdrawn status Lost status Damaged status Not for loan Home library Current library Date acquired Source of acquisition Cost, normal purchase price Total Checkouts Full call number Barcode Date last seen Date checked out Copy number Cost, replacement price Price effective from Koha item type Source of classification or shelving scheme Collection code
        Central Library Central Library 23/06/2015 Cen Lib/Ret 0.00 4 346.016 JOG B-110393 07/01/2025 04/01/2025 1 0.00 23/06/2015 English Books    
        Patel Nagar Patel Nagar 24/07/2018 BPPD/PUB 350.00   346.016 JOG B-110394 24/07/2018     350.00 24/07/2018 English Books Dewey Decimal Classification Non-fiction

© Delhi Public Library
Hit Counter
free hit counter